[Event "45th Olympiad Budapest 2024"]
[Site "Budapest"]
[Date "2024.09.11"]
[Round "1"]
[Board "2"]
[White "Mkrtchyan, Mariam"]
[Black "Hermoso Rodriguez, Ysvett"]
[Result "1-0"]
[WhiteElo "2328"]
[BlackElo "1943"]
[PlyCount "143"]
[EventDate "2024.09.11"]
[EventType "team-tourn"]
[EventRounds "11"]
[EventCountry "HUN"]
[WhiteTeam "Armenia"]
[BlackTeam "Trinidad & Tobago"]
[WhiteTeamCountry "ARM"]

1. d4 d5 2. Nf3 Nf6 3. c4 c6 4. Qc2 e6 5. g3 Be7 6. Bg2 O-O 7. O-O dxc4 8. Qxc4 b5 9. Qd3 Bb7 ({RR} 9... Nbd7 10. Bg5 Bb7 11. Nbd2 Qb6 12. a4 a6 13. e4 c5 14. axb5 axb5 15. d5 c4 16. Qe2 Rxa1 17. Rxa1 Bc5 18. dxe6 fxe6 19. Bh3 h5 20. Bxf6 Nxf6 21. Rf1 Ng4 22. Bxg4 hxg4 23. Ng5 Bb4 24. h4 {½-½ Nepomniachtchi,I (2793)-Erigaisi,A (2722) World Rapid 2022 (12.8)}) 10. Ne5 ({RR} 10. Be3 a6 11. Rc1 Nd5 12. Nbd2 Nd7 13. Ne4 h6 14. Ne5 Nxe5 15. dxe5 Nxe3 16. Qxe3 c5 17. Nxc5 Bxg2 18. Kxg2 Bxc5 19. Rxc5 Rc8 20. Rac1 Rxc5 21. Rxc5 Qa8+ 22. Qf3 Qxf3+ 23. Kxf3 Rd8 24. Ke3 g5 {1-0 Esipenko,A (2704)-Fieberg,S (2157) Titled Tue 27th Feb Early 2024 (1)}) 10... Qb6 11. Nc3 Rd8 $146 ({RR} 11... Na6 12. Qf3 Nb4 13. Be3 Rab8 14. a3 Nc2 15. Rac1 Nxe3 16. Qxe3 c5 17. dxc5 Bxc5 18. Qg5 Bxg2 19. Kxg2 Qb7+ 20. Kg1 Be7 21. Qe3 Rfc8 22. Rfd1 a5 23. Nd3 h6 24. Qe5 Nd7 25. Qh5 Nf6 26. Qe5 {½-½ Pantzar,M (2423)-Vestby Ellingsen,M (2345) Nordic-ch U20 Gp-A 2021 (5)}) 12. Be3 Nbd7 13. Nxd7 Rxd7 14. Rac1 Rc8 15. Rfd1 a6 16. Ne4 Rcd8 17. Qc2 Nd5 18. Bd2 h6 19. e3 f5 20. Nc5 Bxc5 21. dxc5 Qc7 22. e4 Nf6 23. exf5 exf5 24. Bf4 Rxd1+ 25. Rxd1 Rxd1+ 26. Qxd1 Qd7 27. Qxd7 Nxd7 28. Bh3 Nxc5 29. Bxf5 Kf7 30. Be5 g6 31. Bc2 Bc8 32. Bd4 Nb7 33. Be4 Bd7 34. h4 Nd6 35. Bg2 a5 36. b3 Nb7 37. Kf1 Ke6 38. Ke2 Kd6 39. Ke3 Bf5 40. Bg7 h5 41. a3 Nd8 42. Bf3 Bc2 43. Bf8+ Kd7 44. b4 a4 45. Kd2 Bf5 46. Bc5 Ne6 47. Be3 Kd6 48. Kc3 Bb1 49. Ba7 Bf5 50. Bb8+ Kd7 51. Be2 Be4 52. Be5 Bf5 53. f3 Bb1 54. g4 hxg4 55. fxg4 Ke8 56. Bf3 Kd7 57. Be2 Be4 58. Kd2 Nf8 59. Ke3 Bb1 60. h5 gxh5 61. gxh5 Ke6 62. Bg7 Nh7 63. Kd4 Ba2 64. Kc5 Bd5 65. h6 Kf7 66. Bxb5 Ng5 67. Bxc6 Bb3 68. b5 Ne6+ 69. Kd6 Nd8 70. b6 Bd1 71. Bd5+ Kg6 72. Ke7 1-0

[Event "45th Olympiad Budapest 2024"]
[Site "Budapest"]
[Date "2024.09.11"]
[Round "1"]
[Board "4"]
[White "Gaboyan, Susanna"]
[Black "James, Shemilah"]
[Result "1-0"]
[WhiteElo "2180"]
[BlackElo "1774"]
[PlyCount "79"]
[EventDate "2024.09.11"]
[EventType "team-tourn"]
[EventRounds "11"]
[EventCountry "HUN"]
[WhiteTeam "Armenia"]
[BlackTeam "Trinidad & Tobago"]
[WhiteTeamCountry "ARM"]

1. Nf3 d5 2. g3 Nf6 3. Bg2 c6 4. O-O Bg4 5. d3 e6 6. Nbd2 Bc5 ({RR} 6... Bd6 7. b3 Nbd7 8. Bb2 h6 9. e4 dxe4 10. dxe4 O-O 11. h3 Bxf3 12. Nxf3 Nxe4 13. Nh2 Ndf6 14. Qe2 Nc5 15. Rad1 Qe7 16. Bxf6 gxf6 17. Qd2 Rad8 18. Qxh6 f5 19. Nf3 f6 20. Rfe1 Qg7 21. Qxg7+ {1-0 Maltsevskaya,A (2393)-Bashirli,S (1800) Swiss Queens Wed #13 2024 (8.94)}) 7. e4 ({RR} 7. h3 Bh5 8. e4 O-O 9. Qe1 a5 10. a4 Na6 11. Nb3 Bb4 12. Bd2 dxe4 13. dxe4 Bxf3 14. Bxf3 Bxd2 15. Nxd2 e5 16. Nc4 Nb4 17. Rd1 Qc7 18. c3 Na6 19. Qe3 Nd7 20. Rd2 Ndc5 21. Rfd1 b5 {0-1 Vaganian,R (2618)-Timman,J (2655) Dordrecht blitz 2000 (5.1)}) 7... O-O 8. c3 $146 ({RR} 8. h3 Bxf3 9. Qxf3 Nbd7 {½-½ Kutuzovic,B (2324)-Rukavina,J (2393) CRO-chT Sibenik 2007 (8)}) ({RR} 8. e5 Nfd7 9. h3 Bh5 10. g4 Bg6 11. d4 Bb6 12. b4 a5 13. c3 axb4 14. cxb4 Na6 15. a3 Nxb4 16. axb4 Rxa1 17. Nb3 Ra2 18. Nc5 Nxc5 19. bxc5 Bc7 20. Qb3 Qa8 21. Nh4 Bc2 22. Qe3 Qa3 {1-0 Amarante,M-Cruz,K USA-chT Amateur East 2002 (2)}) ({RR} 8. Qe1 h6 9. Nb3 Bb6 10. a4 Na6 11. a5 Bc7 12. h3 Bxf3 13. Bxf3 e5 14. Bg2 Re8 15. Qe2 Qd6 16. Be3 Qb4 17. Qf3 Re6 18. h4 dxe4 19. dxe4 c5 20. Rfb1 Rd8 21. Nd2 Qb5 22. Bf1 Qc6 {1-0 Movsziszian,K (2494)-Rivas Pastor,M (2417) Villa de Albox op 3rd 2002 (7)}) 8... h6 9. e5 Nfd7 10. Re1 Bb6 11. Nf1 c5 12. h3 Bh5 13. g4 Bg6 14. Ng3 Nc6 15. h4 Qc7 16. h5 Bh7 17. g5 hxg5 18. Bxg5 Rfe8 19. h6 f6 20. exf6 gxf6 21. Bh4 Qf4 22. Qd2 Qxd2 23. Nxd2 Bxd3 24. Nh5 Kf7 25. Bh3 f5 26. Nf3 Bd8 27. Ng7 Rg8 28. Bxd8 Raxd8 29. Ng5+ Kf6 30. N5xe6 Rxg7+ 31. Nxg7 Nde5 32. Bg2 Rh8 33. Nh5+ Kg5 34. Ng7 Rxh6 35. Bxd5 Rg6 36. Ne6+ Kf6+ 37. Kh1 Rh6+ 38. Kg2 Rg6+ 39. Kh3 Rh6+ 40. Kg3 1-0

[Event "45th Olympiad Budapest 2024"]
[Site "Budapest"]
[Date "2024.09.11"]
[Round "1"]
[Board "1"]
[White "Salimova, Nurgyul"]
[Black "Charinda, Kudzanayi"]
[Result "1-0"]
[WhiteElo "2412"]
[BlackElo "1854"]
[PlyCount "87"]
[EventDate "2024.09.11"]
[EventType "team-tourn"]
[EventRounds "11"]
[EventCountry "HUN"]
[WhiteTeam "Bulgaria"]
[BlackTeam "Zimbabwe"]
[WhiteTeamCountry "BUL"]
[BlackTeamCountry "ZIM"]

1. d4 Nf6 2. Nf3 e6 3. Bg5 d5 4. e3 Be7 5. Nbd2 Nbd7 6. Bd3 b6 7. a4 ({RR} 7. Bxf6 Bxf6 8. c3 Bb7 9. Qe2 O-O 10. h4 Re8 11. O-O-O e5 12. dxe5 Nxe5 13. Nxe5 Bxe5 14. Nf3 Qe7 15. Nxe5 Qxe5 16. Rh3 c5 17. Rg3 h6 18. Bc2 Rad8 19. Qd3 Qe4 20. Qe2 Qxh4 21. Rg4 Qf6 {0-1 Salimova,N (2412)-Khotenashvili,B (2427) FIDE World Rapid Team 2024 (8.5)}) 7... a5 $146 ({RR} 7... c5 8. c3 Bb7 9. Qb1 a6 10. O-O Qc7 11. b4 c4 12. Bc2 h6 13. Bxf6 Bxf6 14. e4 dxe4 15. Bxe4 Bxe4 16. Qxe4 O-O 17. Rfe1 Rfd8 18. Nf1 g6 19. Ne3 Bg7 20. Nd2 Nf6 21. Qf3 Nd5 22. Nxd5 {0-1 Barlov,D (2460)-Abramovic,B (2490) YUG-ch op Nis 1996 (8)}) ({RR} 7... a6 8. c3 Bb7 9. O-O Ne4 10. Bxe7 Qxe7 11. Qc2 Nxd2 12. Nxd2 c5 13. f4 f5 14. Nf3 O-O 15. Kh1 c4 16. Be2 b5 17. b4 Bc6 18. axb5 axb5 19. Qb2 Qd6 20. h3 Ra4 21. Ra3 Rxa3 22. Qxa3 {½-½ Praggnanandhaa,R (2757)-Martirosyan,H (2661) 57th Biel GM1 Blitz 2024 (3.3)}) ({RR} 7... c5 8. c3 Bb7 9. O-O O-O 10. a5 c4 11. Bc2 b5 12. Ne5 a6 13. f4 h6 14. Bxf6 Bxf6 15. Nxd7 Qxd7 16. Qh5 Rfc8 17. Nf3 Qd8 18. g4 Qf8 19. g5 g6 20. Bxg6 fxg6 21. Qxg6+ Qg7 22. Qxf6 {1-0 Petrovic,M (2227)-Trickovic,V Pirot Summer op 2004 (9)}) ({RR} 7... a6 8. c3 Bb7 9. a5 O-O 10. O-O Ne4 11. Bxe7 Qxe7 12. Qc2 f5 13. c4 Rac8 14. b4 Nxd2 15. Nxd2 dxc4 16. Bxc4 b5 17. Ba2 Kh8 18. f4 Nf6 19. Qc5 Qxc5 20. bxc5 Bd5 21. Bb1 h6 22. Re1 {½-½ Menna Barreto,F (2389)-Manzi,L (2077) Florianopolis op 5th 2019 (3)}) 8. c3 Bb7 9. Qc2 h6 10. Bh4 Qc8 11. O-O Ba6 12. Bxa6 Rxa6 13. Rae1 O-O 14. Ne5 c5 15. f4 Ra7 16. Re2 Nb8 17. g4 Nc6 18. Qb1 Nxe5 19. fxe5 Ne4 20. Bxe7 Nxd2 21. Rxd2 Rxe7 22. Rg2 Qe8 23. h4 f6 24. exf6 Rxf6 25. Rxf6 gxf6 26. Qf1 Kg7 27. g5 fxg5 28. hxg5 Qf7 29. gxh6+ Kh8 30. Qxf7 Rxf7 31. Rg6 Re7 32. Kf2 Kh7 33. Rf6 cxd4 34. exd4 e5 35. Ke3 exd4+ 36. Kxd4 Re4+ 37. Kxd5 Rxa4 38. Rxb6 Rh4 39. c4 Rh5+ 40. Kc6 Rxh6+ 41. Kb7 Rh4 42. c5 Rc4 43. c6 Rc2 44. c7 1-0

[Event "45th Olympiad Budapest 2024"]
[Site "Budapest"]
[Date "2024.09.11"]
[Round "1"]
[Board "1"]
[White "Sakai, Azumi"]
[Black "Daulyte-Cornette, Deimante"]
[Result "0-1"]
[WhiteElo "1871"]
[BlackElo "2369"]
[PlyCount "90"]
[EventDate "2024.09.11"]
[EventType "team-tourn"]
[EventRounds "11"]
[EventCountry "HUN"]
[WhiteTeam "Japan"]
[BlackTeam "France"]
[WhiteTeamCountry "JPN"]
[BlackTeamCountry "FRA"]

1. d4 Nf6 2. c4 e6 3. Nf3 b6 4. a3 Ba6 5. Qc2 Bb7 6. Nc3 c5 7. d5 exd5 8. cxd5 Nxd5 9. g3 ({RR} 9. Nxd5 Bxd5 10. Bf4 Be7 11. Rd1 Be6 12. e3 a6 13. Bc4 Nc6 14. Bd5 Rc8 15. O-O b5 16. Ne5 Nxe5 17. Bxe5 Bf6 18. Bxe6 fxe6 19. Bxf6 Qxf6 20. Rd6 a5 21. Ra6 b4 22. Rxa5 bxa3 23. Rxa3 O-O {½-½ Kozul,Z (2609)-Volokitin,A (2681) SLO-chT 17th 2007 (4)}) ({RR} 9. Nxd5 Bxd5 10. e4 Bb7 11. Bc4 Be7 12. O-O O-O 13. Bf4 Nc6 14. Rad1 Rc8 15. Qd2 Na5 16. Bd5 Ba6 17. Rfe1 Nc4 18. Bxc4 Bxc4 19. Qxd7 Bb3 20. Rd3 Be6 21. Qxd8 Rfxd8 22. Red1 Rxd3 23. Rxd3 c4 {0-1 Montano Vicente,G (1991)-Jegorovas,A (2270) Titled Tue 30th Jul Early 2024 (2)}) 9... Nxc3 10. Qxc3 d5 11. Bg5 $146 ({RR} 11. Bg2 Nd7 12. O-O Nf6 13. Rd1 Be7 14. Qc2 O-O 15. Nh4 Rb8 16. Nf5 Re8 17. Qa4 a6 18. Qh4 Ne4 19. Qg4 Bf6 20. Bf4 Ra8 21. f3 Ng5 22. e4 Ne6 23. e5 Nxf4 24. gxf4 Bc8 25. exf6 Qxf6 {1-0 Calsing,A (1717)-Fonseca,L (1966) Porto Alegre Metropole op 2nd 2019 (5)}) 11... d4 12. Qc2 Be7 13. Bxe7 Qxe7 14. Bg2 Be4 15. Qa4+ Bc6 16. Qc2 O-O 17. O-O Be4 18. Qc4 Nc6 19. b4 cxb4 20. axb4 Nxb4 21. Ra4 a5 22. Qxd4 b5 23. Rxb4 Qxb4 24. Qxb4 axb4 25. Nd4 Bxg2 26. Kxg2 Rfc8 27. Rb1 Rc4 28. e3 Ra2 29. h3 h5 30. g4 h4 31. Kf3 g6 32. g5 Kf8 33. Nxb5 Ra5 34. Nd6 Rc6 35. Ne4 Rb6 36. Ke2 b3 37. Kd3 b2 38. Kc3 Ra1 39. Nd2 Rxb1 40. Nxb1 f6 41. Kc2 fxg5 42. f3 Rf6 43. Nd2 g4 44. Ne4 Rxf3 45. hxg4 h3 0-1

[Event "45th Olympiad Budapest 2024"]
[Site "Budapest"]
[Date "2024.09.11"]
[Round "1"]
[Board "1"]
[White "Yildiz Kadioglu, Betul Cemre"]
[Black "Viana, Valeria"]
[Result "1-0"]
[WhiteElo "2314"]
[BlackElo "1882"]
[PlyCount "57"]
[EventDate "2024.09.11"]
[EventType "team-tourn"]
[EventRounds "11"]
[EventCountry "HUN"]
[WhiteTeam "Turkiye"]
[BlackTeam "Honduras"]
[BlackTeamCountry "HON"]

1. d4 {Marin,Mihail} Nf6 2. c4 e6 3. g3 d5 4. Bg2 Be7 5. Nf3 O-O 6. O-O dxc4 7. Qa4 a6 8. Qxc4 b5 9. Qc2 Bb7 10. Bd2 Be4 11. Qc1 Qc8 12. Bg5 Nbd7 ({RR} 12... h6 13. Bxf6 Bxf6 14. Nbd2 Bb7 15. Qc2 Qd7 16. Rac1 c6 17. Ne4 Rc8 18. Nxf6+ gxf6 19. Rfd1 Qd6 20. a3 Nd7 21. e4 Qe7 22. Qd2 Qf8 23. Qf4 Qg7 24. Qd6 Nb6 25. b3 Rab8 26. d5 exd5 27. Nd4 {1-0 Carrasco Miranda,A (2224)-Viana,V (1923) Titled Tue 18th Jun Early 2024 (3)}) 13. Nbd2 ({RR} 13. Qf4 Bb7 ({RR} 13... c5 14. Rc1 c4 15. b3) ({RR} 13... Qb7 14. Nc3 Bc6 15. e4 b4 16. d5 exd5 17. exd5 Nxd5 18. Nxd5 Bxg5 19. Qxb4 Bxd5 20. Qxb7 Bxb7 21. Nxg5 Bxg2 22. Kxg2) 14. Rc1 Bd6 15. Qh4 h6 16. Bxf6 ({RR} 16. Bxh6 gxh6 17. Qxh6) 16... Nxf6 17. Nbd2 Re8 18. e4 ({RR} 18. Rc2 e5 19. dxe5 Bxe5 20. Nxe5 Bxg2 ({RR} 20... Rxe5 21. Qf4 Re7 ({RR} 21... Rxe2 22. Rxc7) 22. Nb3 Bxg2 23. Kxg2) 21. Kxg2 Rxe5) 18... Nd7 ({RR} 18... e5 19. dxe5 Bxe5 20. Nxe5 Rxe5 21. Qf4 Re7 22. Qe3) ({RR} 18... Be7 19. Qf4 Bd6 20. e5 Nd5 21. Qg4 Be7 22. Ne4) 19. Nb3 a5 ({RR} 19... e5 20. Na5) ({RR} 19... Be7 20. Qf4 Bd6 21. Qe3) 20. Nc5 ({RR} 20. Rc2 a4 ({RR} 20... e5) 21. Nc5) ({RR} 20. a4 bxa4 ({RR} 20... b4 21. Nfd2) 21. Rxa4 Bb4 22. Qf4) 20... Be7 ({RR} 20... Bxc5 21. dxc5 Bc6 22. Nd4) ({RR} 20... Nxc5 21. dxc5 Be7 22. Qh5 Bxe4 ({RR} 22... g6 23. Qe5) 23. Ne5 g6 24. Qxh6 Bxg2 25. Kxg2 Bf6 26. Qf4 Bxe5 27. Qxe5 Rd8) 21. Qf4 e5 ({RR} 21... Nxc5 22. dxc5 e5 {RR} 23. Nxe5 Bf6) 22. Nxe5 Nxe5 23. dxe5 ({RR} 23. Qxe5 Bg5 24. Qf5 Qxf5 25. exf5 Bxc1 26. Bxb7 Re1+) 23... Bg5 24. Qf3 Bxc1 25. Rxc1 Rxe5 26. Qc3 f6 ({RR} 26... Re7 27. Nxb7 Qxb7 28. e5 Qa7 29. Bxa8 Qxa8) 27. Qb3+ Kh8 {1-0 Kramnik,V (2769)-Leko,P (2751) World-ch Tournament 2007 (12)} ({RR} 27... Kh7 28. Qf7 Bc6 29. Nd3 ({RR} 29. f4 Qe8) 29... Be8 ({RR} 29... Qe8 30. Nxe5) 30. Qf8 Rg5 31. h4 Rg4 32. Bf3)) ({RR} 13. Nc3 Bb7 14. Ne5 Bxg2 15. Kxg2 c5 16. Ne4 Nxe5 17. Bxf6 gxf6 18. dxe5 fxe5 19. Qh6 f5 20. Ng5 Qb7+ 21. Kg1 Bxg5 22. Qxg5+ Qg7 23. Qe3 e4 24. Rad1 Qe7 25. f3 exf3 26. Rxf3 c4 27. Rf4 e5 {½-½ Mikhalevski,V (2496)-Hollan,P (2236) 17th Teplice Open 2024 (2.18)}) 13... Bb7 14. Qc2 c5 15. Rfc1 $146 ({RR} 15. dxc5 Qxc5 16. Qxc5 Bxc5 17. Rac1 Rac8 18. Nb3 {½-½ Ibarra Jerez,J (2537)-Fernandez Garcia,J (2423) Granada Nazari GM 2nd 2015 (9)}) ({RR} 15. Rac1 cxd4 16. Nxd4 Bxg2 17. Kxg2 Qb7+ 18. Qc6 Qa7 19. N4b3 Ne5 20. Qc7 Qxc7 21. Rxc7 Bd6 22. Rc2 Nd5 23. Ne4 Be7 24. Bxe7 Nxe7 25. Na5 Nd5 26. a3 Rfc8 27. Rfc1 Rxc2 28. Rxc2 Kf8 29. Nd2 Ke8 {1-0 Evdokimov,A (2495)-Omidi,A (2268) Mersin op 2016 (6)}) 15... cxd4 16. Nxd4 Bxg2 17. Kxg2 Qb7+ 18. Qc6 Qa7 19. N2b3 Ne5 20. Qc7 Qxc7 21. Rxc7 Bd6 22. Rc2 Nd5 23. a4 b4 24. a5 h6 25. Bd2 Nc7 26. Bxb4 Bxb4 27. Rxc7 Bd6 28. Rc2 Rfb8 29. Rac1 1-0

[Event "45th Olympiad Budapest 2024"]
[Site "Budapest"]
[Date "2024.09.11"]
[Round "1"]
[Board "3"]
[White "Aydin, Gulenay"]
[Black "Cruz, Bitia"]
[Result "1-0"]
[WhiteElo "2202"]
[BlackElo "1736"]
[PlyCount "65"]
[EventDate "2024.09.11"]
[EventType "team-tourn"]
[EventRounds "11"]
[EventCountry "HUN"]
[WhiteTeam "Turkiye"]
[BlackTeam "Honduras"]
[BlackTeamCountry "HON"]

1. e4 c5 2. c3 d5 3. exd5 Nf6 4. Bb5+ Nbd7 5. Qb3 ({RR} 5. c4 a6 6. Bxd7+ Bxd7 7. Nf3 e6 8. Qe2 Be7 9. dxe6 Bxe6 10. O-O Bf5 11. Re1 Bd3 12. Qe5 Kf8 13. Nc3 Bd6 14. Qe3 Bxc4 15. d4 Qb6 16. Ne5 Bb5 17. Qf3 Bxe5 18. dxe5 Bc6 19. Qf5 Re8 {1-0 Smagin,S (2545)-Sveshnikov,E (2580) Amantea 1995}) 5... a6 6. Be2 b5 7. d3 Bb7 $146 ({RR} 7... Nb6 8. c4 e6 9. dxe6 Bxe6 10. Nf3 h6 11. O-O Bd6 12. Qc2 O-O 13. b3 Qc7 14. Nc3 Qd7 15. Rd1 Bf5 16. Ne4 Qe6 17. Nxd6 Qxd6 18. h3 Rfe8 19. Be3 Rac8 20. Qb2 Qe6 21. Bf1 Qc6 22. d4 {1-0 Velikanov,A (2387)-Shetty,A (2071) Illinois Open 2024 (7.1)}) ({RR} 7... Rb8 8. Bf4 Rb6 9. Nd2 Bb7 10. Bf3 g5 11. Bxg5 Ne5 12. Bxf6 Nxd3+ 13. Kf1 Rxf6 14. c4 Ne5 15. Re1 Qa5 16. Qe3 Nd7 17. Ne4 Rh6 18. Nxc5 Nxc5 19. Qxc5 Qb6 20. Qxb6 Rxb6 21. c5 Rf6 22. Be4 {1-0 Ahmadzada,A (2481)-Koelle,T (2464) TCh-TUR Super League 2024 (1.30)}) 8. c4 g6 9. Nf3 Bg7 10. O-O O-O 11. Nc3 b4 12. Ne4 a5 13. Rb1 e6 14. dxe6 fxe6 15. Ng3 Ng4 16. Ng5 Nxf2 17. Be3 Qe7 18. Rxf2 Rxf2 19. Kxf2 Rf8+ 20. Kg1 Bh6 21. h4 Bg7 22. Bf3 Ne5 23. Bxb7 Qxb7 24. N3e4 Qe7 25. Bxc5 Qd7 26. Bxf8 Qd4+ 27. Kh1 Bxf8 28. Nxe6 Qe3 29. Nxf8 Kxf8 30. Rf1+ Kg7 31. Qd1 Nxd3 32. Rf3 Qxe4 33. Qxd3 1-0

[Event "45th Olympiad Budapest 2024"]
[Site "Budapest"]
[Date "2024.09.11"]
[Round "1"]
[Board "1"]
[White "Ravelomanana, Sabine"]
[Black "Roebers, Eline"]
[Result "0-1"]
[WhiteElo "1926"]
[BlackElo "2340"]
[PlyCount "66"]
[EventDate "2024.09.11"]
[EventType "team-tourn"]
[EventRounds "11"]
[EventCountry "HUN"]
[WhiteTeam "Madagascar"]
[BlackTeam "Netherlands"]
[WhiteTeamCountry "MAD"]
[BlackTeamCountry "NED"]

1. d4 d6 2. Bf4 c5 3. e3 Qb6 ({RR} 3... Nc6 4. d5 Nb4 5. c3 Na6 6. a4 Nc7 7. e4 Nf6 8. f3 g6 9. c4 e5 10. Be3 h5 11. h4 Bh6 12. Bxh6 Rxh6 13. a5 Rh8 14. Nc3 Kf8 15. Bd3 Kg7 16. Nge2 Rb8 17. Qd2 Bd7 18. Nb5 {0-1 Kamsky,G (2659)-Horvath,D (2523) Titled Tue 27th Jun Late 2023 (4)}) 4. Na3 $146 ({RR} 4. Nc3 Nf6 5. dxc5 Qxc5 6. Nf3 Bg4 7. h3 Bh5 8. Be2 Nbd7 9. O-O e6 10. Qd2 Be7 11. Rfd1 e5 12. Bh2 O-O 13. Ng5 Bxe2 14. Qxe2 Qc6 15. Qd3 Nc5 16. Qb5 Rac8 17. Qxc6 Rxc6 18. f4 Ne8 {½-½ Le,K (2138)-Torre,E (2449) Ho Chi Minh City HD Bank op 5th 2015 (1)}) ({RR} 4. Nc3 cxd4 5. Qxd4 Qxd4 6. exd4 Nc6 7. O-O-O g6 8. d5 Ne5 9. Nb5 Kd8 10. Bxe5 dxe5 11. d6 exd6 12. Nxd6 Bxd6 13. Rxd6+ Ke7 14. Rd2 Nf6 15. Bc4 Be6 16. Bxe6 Kxe6 17. Nf3 Ne4 18. Re2 f5 {½-½ Bestard Borras,M (2113)-Konenkin,D (2267) Titled Tue 20th Aug Early 2024 (6)}) ({RR} 4. b3 g6 5. Nf3 Bg7 6. Be2 Nc6 7. c3 e5 8. dxe5 dxe5 9. Bg3 Bf5 10. Qc1 e4 11. Nfd2 Ne5 12. Bxe5 Bxe5 13. Nc4 Qc7 14. Nxe5 Qxe5 15. Bb5+ Kf8 16. Nd2 Nf6 17. Qc2 Kg7 18. Be2 Rhe8 {0-1 Saligo,L (2117)-Gooris,J (2136) Geraardsbergen op 27th 2011 (4)}) ({RR} 4. Nf3 Qxb2 5. Nbd2 Qb6 6. c3 Nf6 7. Bd3 g6 8. e4 Bg7 9. O-O O-O 10. Rb1 Qc7 11. Re1 Nbd7 12. Nc4 b5 13. Rxb5 Ba6 14. Rb1 Bxc4 15. Bxc4 cxd4 16. Bxf7+ Rxf7 17. cxd4 Nh5 18. Be3 h6 {½-½ Gold,H (1752)-MacDonald,P (1953) George Trundle Reserves 2019 (7)}) 4... Qxb2 5. Nb5 Qb4+ 6. Qd2 Na6 7. dxc5 Qxc5 8. Nf3 e5 9. Bg3 Nf6 10. Nc3 Nc7 11. Bd3 Bd7 12. O-O Bc6 13. e4 Be7 14. Nh4 g6 15. Kh1 Nh5 16. Rab1 O-O 17. Rb3 b5 18. Nd1 Nxg3+ 19. hxg3 d5 20. Qa5 dxe4 21. Rc3 Qd6 22. Bxe4 Bxe4 23. Qxc7 Qxc7 24. Rxc7 Bd6 25. Rd7 Rfd8 26. Rxd8+ Rxd8 27. Ne3 f5 28. f3 Bc6 29. Rd1 Be7 30. Kh2 Rxd1 31. Nxd1 Bd7 32. Nc3 g5 33. Nxb5 gxh4 0-1

[Event "45th Olympiad Budapest 2024"]
[Site "Budapest"]
[Date "2024.09.11"]
[Round "1"]
[Board "3"]
[White "Randriatsiferana, Dimbiharentsoa Christiana"]
[Black "Van Foreest, Machteld"]
[Result "0-1"]
[WhiteElo "1736"]
[BlackElo "2224"]
[PlyCount "54"]
[EventDate "2024.09.11"]
[EventType "team-tourn"]
[EventRounds "11"]
[EventCountry "HUN"]
[WhiteTeam "Madagascar"]
[BlackTeam "Netherlands"]
[WhiteTeamCountry "MAD"]
[BlackTeamCountry "NED"]

1. e4 e5 2. Nf3 Nc6 3. d4 exd4 4. Bc4 Nf6 5. e5 d5 6. Bb5 Ne4 7. Nxd4 Bd7 8. Bxc6 bxc6 9. O-O Bc5 10. Nc3 ({RR} 10. Qd3 Bb6 11. Nc3 Nxc3 12. Qxc3 c5 13. Nb3 Qe7 14. Qg3 O-O 15. Bg5 Qe6 16. Bf6 Qg4 17. Be7 Qxg3 18. hxg3 Rfe8 19. Bxc5 Rxe5 20. Rfe1 Rae8 21. Rxe5 Rxe5 22. Rd1 Ba4 23. Bd4 Bxd4 24. Rxd4 Bxb3 {½-½ Popov,I (2648)-Malakhov,V (2702) RUS-ch blitz 2015 (2)}) 10... Nxc3 11. bxc3 O-O 12. Qh5 ({RR} 12. Re1 Qe7 13. Nb3 Bb6 14. a4 Rfe8 15. a5 Bc5 16. Qh5 Qf8 17. Bg5 Be7 18. Bxe7 Qxe7 19. f4 g6 20. Qf3 Bf5 21. Qf2 Qd7 22. Rad1 a6 23. Rd2 Rab8 24. c4 Rxb3 25. cxb3 Rb8 26. Qc5 Rxb3 {1-0 Akin,D (1577)-Acar,I (1579) TUR-chT 2nd League 2022 (4.7)}) 12... Qe7 $146 ({RR} 12... Re8 13. Bg5 f6 14. exf6 gxf6 15. Bh4 Re4 16. Qh6 Bf8 17. Qh5 Bg4 {0-1 Sierra,J (1929)-Prieto,E (2108) Dosquebrad op 1st 2013 (4)}) ({RR} 12... g6 13. Qh6 f6 14. Bf4 fxe5 15. Bxe5 Rf7 16. Qd2 Bd6 17. Rae1 Qh4 18. f4 Qh5 19. Nf3 h6 20. c4 Bc5+ 21. Bd4 Bd6 22. Ne5 Bxe5 23. Rxe5 Bf5 24. Ba1 dxc4 25. Qd4 Kh7 26. Rfe1 c5 27. Qd5 {1-0 Matsuura,E (2370)-Asfora,M (2280) BRA-ch62 sf Florianopolis 1995 (9)}) ({RR} 12... g6 13. Qh6 f6 14. Bf4 Re8 15. Rae1 Bf8 16. Qh4 fxe5 17. Qxd8 Raxd8 18. Bxe5 Bd6 19. f4 Rf8 20. Nf3 Bg4 21. Nd4 Bd7 22. h3 Rde8 23. Nf3 Bf5 24. Re2 c5 25. Rfe1 Be4 26. Ng5 Bxe5 27. Nxe4 {½-½ Marino Bravo,M-Pardo Blas,D Aviles op 1991}) 13. Kh1 Rae8 14. f4 f6 15. Re1 fxe5 16. Nf3 e4 17. Ne5 Rf5 18. Qe2 Ref8 19. c4 Be8 20. cxd5 cxd5 21. g3 Bd4 22. Rb1 Bxe5 23. fxe5 Rf2 24. Qd1 Qe6 25. Be3 Qh3 26. Qxd5+ Kh8 27. Bxf2 Rxf2 0-1

[Event "45th Olympiad Budapest 2024"]
[Site "Budapest"]
[Date "2024.09.11"]
[Round "1"]
[Board "3"]
[White "Khuslen, Erdenebayar"]
[Black "Raymundo, Deycy Daniela"]
[Result "1-0"]
[WhiteElo "2229"]
[BlackElo "1728"]
[PlyCount "101"]
[EventDate "2024.09.11"]
[EventType "team-tourn"]
[EventRounds "11"]
[EventCountry "HUN"]
[WhiteTeam "Mongolia"]
[BlackTeam "Guatemala"]
[WhiteTeamCountry "MGL"]
[BlackTeamCountry "GUA"]

1. d4 d5 2. c4 e6 3. Nc3 Nf6 4. cxd5 exd5 5. Bg5 Be7 6. e3 h6 7. Bh4 O-O 8. Bd3 Be6 9. Qc2 Nbd7 10. Nf3 Rc8 ({RR} 10... c5 11. dxc5 Nxc5 12. Nd4 Nxd3+ 13. Qxd3 a6 14. O-O Qd7 15. Rfd1 Rfd8 16. Nce2 Ne4 17. Bxe7 Qxe7 18. Nc3 Nc5 19. Qe2 Qg5 20. Rd2 Bg4 21. Qf1 Rd6 22. f4 Qe7 23. Qf2 Re8 24. Re1 Ne4 25. Nxe4 {1-0 Melikhov,E (2179)-Marino Bravo,M (2127) Titled Tue 14th May Late 2024 (4)}) 11. O-O c5 12. h3 $146 ({RR} 12. Rfd1 Qa5 13. a3 c4 14. Bf5 Qb6 15. Ne5 Rfd8 16. Rab1 Kf8 17. f4 Bxf5 18. Qxf5 Qe6 19. Ng6+ Ke8 20. Nxe7 Kxe7 21. Nxd5+ Kd6 22. Qxe6+ fxe6 23. Nc3 Kc6 24. e4 Re8 25. b3 Nb6 26. b4 a6 {1-0 Shurkaev,D-Kovalenko,S (2277) Kharkov Caissa op 2000 (2)}) ({RR} 12. Rac1 c4 13. Be2 a6 14. a4 Nh7 15. Bg3 Ng5 16. Nxg5 Bxg5 17. f4 Bh4 18. Bxh4 Qxh4 19. f5 Qg5 20. Rf3 Nf6 21. fxe6 fxe6 22. Rg3 Qh4 23. Qg6 Rf7 24. Rh3 Qg5 25. Qxg5 hxg5 26. Rg3 Nh7 {1-0 Pinterova,K (2061)-Kutny,M (1709) Piestany op 2009 (7)}) ({RR} 12. Rfe1 c4 13. Bf5 Nh5 14. Bxe7 Qxe7 15. Rab1 Nhf6 16. b3 cxb3 17. Rxb3 Rc7 18. Bd3 Rfc8 19. Qb2 a6 20. Nd2 b5 21. Ne2 Nb6 22. Nc3 Nc4 23. Bxc4 dxc4 24. Rb4 Nd5 25. Nxd5 Bxd5 26. Qc3 Qd7 {½-½ Scheske,A-Grube,B Pfalz-op Waldfischbach 1995}) 12... Nh5 13. Bxe7 Qxe7 14. Qe2 c4 15. Bc2 Nhf6 16. Ne5 Nxe5 17. dxe5 Nd7 18. f4 f5 19. Rfd1 Qc5 20. Qf3 Nb6 21. Ne2 Rce8 22. Nd4 a6 23. Qh5 Nc8 24. Qg6 Qb6 25. g4 Bf7 26. Qxb6 Nxb6 27. Nxf5 Rd8 28. Nd6 Rb8 29. f5 Rfd8 30. e4 dxe4 31. Bxe4 Be8 32. Nxb7 Rxd1+ 33. Rxd1 Bb5 34. e6 Kf8 35. Kf2 Na4 36. Rd2 c3 37. bxc3 Nxc3 38. Bf3 Na4 39. h4 Nb6 40. g5 hxg5 41. hxg5 Nc4 42. Rc2 Ne5 43. Be4 Nd3+ 44. Ke3 Ne5 45. Rc7 Nc4+ 46. Kf4 Nd2 47. e7+ Kg8 48. Bd5+ Kh8 49. f6 gxf6 50. gxf6 Be8 51. f7 1-0